Le délire (notice n° 1925050)
[ vue normale ]
| 000 -LEADER | |
|---|---|
| fixed length control field | 01359cam a2200145 4500500 |
| 005 - DATE AND TIME OF LATEST TRANSACTION | |
| control field | 20260329023138.0 |
| 041 ## - LANGUAGE CODE | |
| Language code of text/sound track or separate title | fre |
| 042 ## - AUTHENTICATION CODE | |
| Authentication code | dc |
| 100 10 - MAIN ENTRY--PERSONAL NAME | |
| Personal name | Barthélémy, Sophie |
| Relator term | author |
| 245 00 - TITLE STATEMENT | |
| Title | Le délire |
| 260 ## - PUBLICATION, DISTRIBUTION, ETC. | |
| Name of publisher, distributor, etc. | Armand Colin,<br/> |
| Date of publication, distribution, etc. | 2007.<br/> |
| 520 ## - SUMMARY, ETC. | |
| Summary, etc. | Le délire fait peur, car il renvoie à la folie. Mais qu’est-ce qu’un délire ? Est-il possible de le définir sans jugement de valeur ? Peut-on le considérer comme un processus psychique à part entière ? Et, surtout, comment l’identifier ? Après une présentation historique et culturelle de la notion de délire, les auteures proposent une description des différents types de délire, puis s’interrogent sur les processus psychiques qui les sous-tendent. Elles analysent les liens du délire à la réalité, à la rationalité, mais aussi au langage et à la créativité. Enfin, des pistes thérapeutiques sont suggérées, pour aider les sujets délirants à sortir de leur détresse et de leur souffrance. Ce livre sera d’une aide précieuse pour les étudiants en psychologie, les travailleurs sociaux, les professionnels de santé, mais aussi pour toute personne désireuse de s’informer sérieusement sur cette question. |
| 700 10 - ADDED ENTRY--PERSONAL NAME | |
| Personal name | Bilheran, Ariane |
| Relator term | author |
| 856 41 - ELECTRONIC LOCATION AND ACCESS | |
| Uniform Resource Identifier | <a href="https://shs.cairn.info/le-delire--9782200351656?lang=fr&redirect-ssocas=7080">https://shs.cairn.info/le-delire--9782200351656?lang=fr&redirect-ssocas=7080</a> |
Pas d'exemplaire disponible.




Réseaux sociaux